000 01875nam a2200457Ii 4500
001 DIGSIGHOM119
003 NyNyDIG
008 230808s2023 ck ob 000 0 spa d
006 m o d
007 cr |||||||||||
035 _a(OCoLC)1379488479
040 _aDGITA
_beng
_erda
_epn
_cDGITA
020 _a9789586657587
_qePub
020 _a9789586657570
_qpdf
020 _z9789586657563
043 _as-ck---
050 1 4 _aHV6604.C7 ebook
100 1 _aGallego García, Gloria María,
_eauthor.
245 1 0 _aFue como un naufragio :
_banálisis y testimonios del secuestro en Colombia /
_cGloria María Gallego García [and 5 others].
264 1 _aBogotá, D. C. :
_bSiglo Editorial ;
_aMedellín :
_bUniversidad EAFIT,
_c2023.
300 _a1 online resource.
336 _atext
_btxt
_2rdacontent
337 _acomputer
_bc
_2rdamedia
338 _aonline resource
_bcr
_2rdacarrier
347 _atext file
_2rdaft
347 _bEPUB
490 1 _aBiblioteca de derecho, justicia y política
490 1 _aJusticia & conflicto
504 _aIncludes bibliographical references.
588 0 _aOnline resource; title from ePub title page (Digitalia, viewed August 8, 2023)
650 0 _aKidnapping
_zColombia
_xHistory.
700 1 _aGallego García, Gloria María,
_eauthor.
791 2 _aDigitalia (Firm),
_edistributor.
793 0 _gDigitalia eBook Collection:
_aSiglo del Hombre Editores
776 0 8 _iPrint version:
_aGallego García, Gloria María.
_tFue como un naufragio.
_dBogotá, D. C. : Siglo Editorial ; Medellín : Universidad EAFIT, [2023]
_z9789586657563
830 0 _aBiblioteca de derecho, justicia y política.
830 0 _aBiblioteca José Martí.
_pJusticia & conflicto.
856 4 0 _3Digitalia Hispánica
_uhttps://www.digitaliapublishing.com/a/127812/
910 _aPremium collection: 2023
942 _cRAA
999 _c278961
_d278961